| 000 | 00635nam a2200193Ia 4500 | ||
|---|---|---|---|
| 003 | GCL | ||
| 008 | 140319s9999 xx 000 0 ara d | ||
| 040 |
_aGCL / _cGCL |
||
| 082 | 0 | 4 |
_aق _b323.1 _bم ا |
| 100 | 1 | _aمحمد رفعت الامام | |
| 245 | 1 | 0 |
_aالارمن فى مصر : القرن التاسع عشر / _cمحمد رفعت الامام |
| 260 |
_aالقاهرة : _bدار نوبار للطباعة ، _c1995 |
||
| 300 |
_a506 ص ؛ _c24سم |
||
| 490 | _a | ||
| 650 | 0 | 4 | _aالاسلام والمسيحية |
| 650 | 0 | 4 | _aالارمن |
| 650 | 0 | 4 | _aمصر - الاحوال الاجتماعية |
| 942 |
_2ddc _cBK |
||
| 999 |
_c41396 _d41396 |
||